Zmeny vo funkciách manažmentu pod vplyvom štvrtej priemyselnej revolúcie

Salvato in:
Dettagli Bibliografici
Autore principale: Jankelová, Nadežda, 1966-
Natura: Capitolo di libro
Lingua:slovacco
inglese
Soggetti:
Tags: Aggiungi Tag
Nessun Tag, puoi essere il primo ad aggiungerne!!

MARC

LEADER 00000naa$a2200000$$$4500
001 0290191
005 20240502074445.2
041 0 |a slo 
041 0 |a eng 
044 |a SK 
245 1 0 |a Zmeny vo funkciách manažmentu pod vplyvom štvrtej priemyselnej revolúcie  |c Nadežda Jankelová 
500 |a Abstrakt 
610 2 0 |a revolúcia priemyselná 
610 2 0 |a manažment 
610 2 0 |a technológia 
610 2 0 |a podnikanie 
610 2 0 |a výskum 
100 1 |a Jankelová, Nadežda, 1966-